<?xml version="1.0" encoding="UTF-8"?>
<record
    xmlns:xsi="http://www.w3.org/2001/XMLSchema-instance"
    xsi:schemaLocation="http://www.loc.gov/MARC21/slim http://www.loc.gov/standards/marcxml/schema/MARC21slim.xsd"
    xmlns="http://www.loc.gov/MARC21/slim">

  <leader>02010nam a2200265Ia 4500</leader>
  <controlfield tag="003">3228</controlfield>
  <controlfield tag="005">20250220082714.0</controlfield>
  <controlfield tag="008">210817s9999    xx            000 0 und d</controlfield>
  <datafield tag="020" ind1=" " ind2=" ">
    <subfield code="a">9781869 141349</subfield>
    <subfield code="q">Paperback</subfield>
  </datafield>
  <datafield tag="040" ind1=" " ind2=" ">
    <subfield code="a">RDA</subfield>
    <subfield code="b">ENGLISH</subfield>
    <subfield code="c">3228</subfield>
  </datafield>
  <datafield tag="082" ind1=" " ind2=" ">
    <subfield code="a">327.6806 SOUT</subfield>
  </datafield>
  <datafield tag="100" ind1=" " ind2=" ">
    <subfield code="a"> Adedeji, Adebayo  </subfield>
    <subfield code="9">32522</subfield>
  </datafield>
  <datafield tag="245" ind1=" " ind2="0">
    <subfield code="a">South Africa in Africa: the post-apartheid era /</subfield>
    <subfield code="c">editors. Adekeye Adebajo, Adebayo Adedeji and Chris Landsberg.</subfield>
  </datafield>
  <datafield tag="260" ind1=" " ind2=" ">
    <subfield code="a">Scottsville, South Africa :</subfield>
    <subfield code="b">University of KwaZulu-Natal Press,</subfield>
    <subfield code="c">2007.</subfield>
  </datafield>
  <datafield tag="300" ind1=" " ind2=" ">
    <subfield code="a">339 pages </subfield>
    <subfield code="b">colour illustrations:</subfield>
    <subfield code="c">23 cm</subfield>
  </datafield>
  <datafield tag="504" ind1=" " ind2=" ">
    <subfield code="a">Includes bibliographical references ([293]-329) and index.</subfield>
  </datafield>
  <datafield tag="520" ind1=" " ind2=" ">
    <subfield code="a">Summary: The South African ruling class under the apartheid regime saw itself more as a part of "white Christian civilization" then as a part of Africa and the end of apartheid therefore raises many questions concerning South Africa's role on the continent. Adebajo (Centre for Conflict Resolution, U. of Cape Town, South Africa), Adedeji (African Centre for Development and Strategic Studies, Nigeria), and Landsberg (Centre for Policy Studies, South Africa) present 13 essays assessing the country's engagement in Africa in the decade following apartheid. They address the domestic political economy, the myths and realities of black economic empowerment, issues of race and reconciliation, foreign policy and regional security, continental economic relations, conflict and land reform, and HIV/AIDS. They also provide case studies of relations with Nigeria, Angola, Mozambique, North Africa, and the Great Lakes region. Distributed in the US by ISBS. Annotation &#xA9;2007 Book News, Inc., Portland, OR (booknews.com).</subfield>
  </datafield>
  <datafield tag="521" ind1=" " ind2=" ">
    <subfield code="a">Adult</subfield>
  </datafield>
  <datafield tag="651" ind1=" " ind2=" ">
    <subfield code="a">South Africa</subfield>
  </datafield>
  <datafield tag="654" ind1=" " ind2=" ">
    <subfield code="2">Diplomatic relations  Politics and government  Africa  South Africa  Since 1994</subfield>
  </datafield>
  <datafield tag="655" ind1=" " ind2=" ">
    <subfield code="a">Non-fiction</subfield>
    <subfield code="9">190173</subfield>
  </datafield>
  <datafield tag="690" ind1=" " ind2=" ">
    <subfield code="2">163811083</subfield>
  </datafield>
  <datafield tag="700" ind1=" " ind2=" ">
    <subfield code="a">Adebayo Adedeji and Chris Landsberg, William Dicey, Pete Lewis</subfield>
    <subfield code="9">191386</subfield>
  </datafield>
  <datafield tag="942" ind1=" " ind2=" ">
    <subfield code="c">BOOK</subfield>
    <subfield code="2">ddc</subfield>
    <subfield code="y">12663</subfield>
    <subfield code="z">Priscilla Nozizwe Mogale</subfield>
  </datafield>
  <datafield tag="999" ind1=" " ind2=" ">
    <subfield code="c">119575</subfield>
    <subfield code="d">119574</subfield>
  </datafield>
  <datafield tag="952" ind1=" " ind2=" ">
    <subfield code="0">0</subfield>
    <subfield code="1">0</subfield>
    <subfield code="4">0</subfield>
    <subfield code="7">0</subfield>
    <subfield code="a">SIYABL</subfield>
    <subfield code="b">SIYABL</subfield>
    <subfield code="d">2021-08-17</subfield>
    <subfield code="g">190.00</subfield>
    <subfield code="l">0</subfield>
    <subfield code="p">33228023077769</subfield>
    <subfield code="r">2021-08-17</subfield>
    <subfield code="w">2021-08-17</subfield>
    <subfield code="y">BK</subfield>
  </datafield>
  <datafield tag="952" ind1=" " ind2=" ">
    <subfield code="0">0</subfield>
    <subfield code="1">0</subfield>
    <subfield code="2">ddc</subfield>
    <subfield code="4">0</subfield>
    <subfield code="7">0</subfield>
    <subfield code="8">300</subfield>
    <subfield code="a">MKHUL</subfield>
    <subfield code="b">MKHUL</subfield>
    <subfield code="c">Non_Fiction</subfield>
    <subfield code="d">2025-01-15</subfield>
    <subfield code="g">190.00</subfield>
    <subfield code="o">327.6806 SOUT</subfield>
    <subfield code="p">33228 022950644</subfield>
    <subfield code="r">2025-01-15</subfield>
    <subfield code="w">2025-01-15</subfield>
    <subfield code="y">BOOK</subfield>
  </datafield>
</record>
